[Event "Asian-ch Indonesia P1"]
[Site "Cempaka Putih"]
[Date "2018.10.07"]
[Round "2.1"]
[White "Firdaus, Maksum"]
[Black "Severino, Sander"]
[Result "0-1"]
[WhiteElo "2193"]
[BlackElo "2363"]
[PlyCount "82"]
[EventDate "2018.10.07"]
[EventType "swiss"]
[EventRounds "7"]
[EventCountry "INA"]
[SourceTitle "EXT 2024"]
[Source "ChessBase"]
[SourceDate "2023.10.10"]
[SourceVersion "1"]
[SourceVersionDate "2023.10.10"]
[SourceQuality "1"]

1. d3 d5 2. g3 e5 3. Bg2 c5 4. Nf3 Nc6 5. 0-0 Nge7 6. Nc3 f6 7. e4 d4 8. Ne2 g5 9. c3 Ng6 10. a3 Be6 11. cxd4 cxd4 12. b4 Be7 13. b5 Na5 14. Rb1 b6 15. Nd2 g4 16. f4 Nf8 17. Bb2 Rc8 18. Rc1 h5 19. Rf2 Nd7 20. Rxc8 Qxc8 21. Bf1 Nc5 22. Qb1 Na4 23. fxe5 fxe5 24. Kg2 Nxb2 25. Qxb2 Qc5 26. Nb1 Kd7 27. Nc1 Rc8 28. Na2 h4 29. gxh4 Bxh4 30. Re2 Qf8 31. Nd2 Qf4 32. Nb4 Rh8 33. Kg1 g3 34. h3 Bg5 35. Nd5 Qf8 36. Qc2 Bxd5 37. exd5 Be3+ 38. Kg2 Qf5 39. Kxg3 Qf4+ 40. Kg2 Rg8+ 41. Kh1 Rg1# 0-1

[Event "Jakarta Indonesia op 3rd"]
[Site "Jakarta"]
[Date "2013.10.16"]
[Round "9"]
[White "Firdaus, Maksum"]
[Black "Capitelli, Paolo"]
[Result "0-1"]
[WhiteElo "2257"]
[BlackElo "2089"]
[PlyCount "109"]
[EventDate "2013.10.10"]
[EventType "swiss"]
[EventRounds "11"]
[EventCountry "INA"]
[SourceTitle "CBM 156 Extra"]
[Source "ChessBase"]
[SourceDate "2013.10.22"]
[SourceVersion "1"]
[SourceVersionDate "2013.10.22"]
[SourceQuality "1"]

1. c4 Nf6 2. Nc3 g6 3. d4 Bg7 4. e4 d6 5. f4 c5 6. d5 0-0 7. Nf3 e6 8. Be2 exd5 9. cxd5 Re8 10. e5 dxe5 11. fxe5 Ng4 12. 0-0 Nxe5 13. Bf4 Nbd7 14. d6 Nxf3+ 15. Bxf3 Ne5 16. Bd5 Be6 17. Nb5 Nd7 18. Nc7 Bd4+ 19. Kh1 Bxd5 20. Nxd5 Ne5 21. Nc7 Qxd6 22. Nxe8 Rxe8 23. Qa4 Qc6 24. Qc2 Qb5 25. Rab1 Ng4 26. h3 Re2 27. a4 Qa6 28. Qb3 Qc6 29. Qg3 Nf2+ 30. Kh2 Nd3 31. Bb8 Nxb2 32. Rf3 Nc4 33. Re1 Qe8 34. Rxe2 Qxe2 35. Qf4 Ne5 36. Rf1 a6 37. Kh1 f5 38. Ba7 Be3 39. Bxc5 Bxf4 40. Rxf4 Nd3 41. Rc4 Nf2+ 42. Bxf2 Qxc4 43. a5 g5 44. Bb6 g4 45. hxg4 fxg4 46. Kh2 Qf4+ 47. g3 Qf3 48. Bc7 Kf7 49. Kg1 h5 50. Kh2 h4 51. gxh4 Qf2+ 52. Kh1 g3 53. Bxg3 Qxg3 54. h5 Qh4+ 55. Kg2 0-1

[Event "Jakarta Indonesia op 3rd"]
[Site "Jakarta"]
[Date "2013.10.14"]
[Round "6"]
[White "Lim, Kian Hwa"]
[Black "Firdaus, Maksum"]
[Result "0-1"]
[WhiteElo "1902"]
[BlackElo "2257"]
[PlyCount "64"]
[EventDate "2013.10.10"]
[EventType "swiss"]
[EventRounds "11"]
[EventCountry "INA"]
[SourceTitle "CBM 156 Extra"]
[Source "ChessBase"]
[SourceDate "2013.10.22"]
[SourceVersion "1"]
[SourceVersionDate "2013.10.22"]
[SourceQuality "1"]

1. e4 c5 2. Nc3 e6 3. d3 Nc6 4. g3 g6 5. Bg2 Bg7 6. Be3 Qa5 7. Qd2 d6 8. Nge2 Nd4 9. Nc1 Ne7 10. 0-0 h5 11. h3 Nec6 12. f4 Bd7 13. Qf2 0-0-0 14. Nb3 Qb6 15. Rfb1 Nb4 16. Rc1 Kb8 17. e5 dxe5 18. Nd1 Rhf8 19. Qd2 Bc6 20. Bxd4 exd4 21. a3 Nd5 22. Na5 h4 23. Nxc6+ bxc6 24. Bxd5 cxd5 25. g4 e5 26. b4 c4 27. Qf2 Qc7 28. c3 e4 29. cxd4 exd3 30. Nb2 Qb6 31. Nxc4 dxc4 32. Rxc4 Bxd4 0-1

[Event "Jakarta Indonesia op 3rd"]
[Site "Jakarta"]
[Date "2013.10.11"]
[Round "2"]
[White "Gopal, Geetha Narayanan"]
[Black "Firdaus, Maksum"]
[Result "1-0"]
[WhiteElo "2527"]
[BlackElo "2257"]
[PlyCount "87"]
[EventDate "2013.10.10"]
[EventType "swiss"]
[EventRounds "11"]
[EventCountry "INA"]
[SourceTitle "CBM 156 Extra"]
[Source "ChessBase"]
[SourceDate "2013.10.22"]
[SourceVersion "1"]
[SourceVersionDate "2013.10.22"]
[SourceQuality "1"]

1. e4 c5 2. Nf3 a6 3. c3 e6 4. d4 d5 5. e5 Nc6 6. Be2 Qb6 7. 0-0 Nh6 8. Na3 cxd4 9. cxd4 Nf5 10. Nc2 Be7 11. Kh1 h5 12. Bd3 g6 13. Rb1 Bd7 14. g3 0-0-0 15. h4 Na5 16. Bxf5 exf5 17. Ne3 Qb5 18. b3 Be6 19. Ng2 Nc6 20. Bg5 Ba3 21. b4 a5 22. bxa5 Qxa5 23. Rxb7 Qa6 24. Rb3 Kd7 25. Nf4 Rb8 26. Kg2 Rb4 27. Qd2 Rxb3 28. axb3 Nb4 29. Ra1 Ra8 30. Ne1 Qb7 31. Ned3 Nxd3 32. Qxd3 Bb2 33. Rb1 Ba1 34. b4 Qb6 35. Nxe6 Qxe6 36. Be3 Qb6 37. Qd1 Bc3 38. Qb3 Rc8 39. Qxd5+ Ke8 40. b5 Kf8 41. Qd7 Qb8 42. e6 Rc7 43. e7+ Kg7 44. e8N+ 1-0

[Event "Jakarta Indonesia op 1st"]
[Site "Jakarta"]
[Date "2011.10.18"]
[Round "8"]
[White "Guramishvili, Sopiko"]
[Black "Firdaus, Maksum"]
[Result "1-0"]
[WhiteElo "2359"]
[BlackElo "2257"]
[PlyCount "51"]
[EventDate "2011.10.13"]
[EventType "swiss"]
[EventRounds "9"]
[EventCountry "INA"]
[SourceTitle "EXT 2012"]
[Source "ChessBase"]
[SourceDate "2011.11.24"]
[SourceVersion "1"]
[SourceVersionDate "2011.11.24"]
[SourceQuality "1"]

1. d4 f5 2. Nc3 g6 3. h4 Bg7 4. h5 Nc6 5. Nf3 e6 6. Bg5 Nf6 7. hxg6 hxg6 8. Rxh8+ Bxh8 9. e4 d6 10. Bb5 fxe4 11. Nxe4 Kf7 12. Qe2 Qf8 13. 0-0-0 Kg8 14. Rh1 Bg7 15. Bxc6 bxc6 16. Nxf6+ Bxf6 17. Qe4 Bd7 18. Qxg6+ Bg7 19. Qh7+ Kf7 20. Bh6 Kf6 21. Bxg7+ Qxg7 22. Rh6+ Kf7 23. Ng5+ Kf8 24. Qh8+ Qg8 25. Qf6+ Ke8 26. Rh8 1-0

[Event "Jakarta Indonesia op 1st"]
[Site "Jakarta"]
[Date "2011.10.17"]
[Round "6"]
[White "Tirto"]
[Black "Firdaus, Maksum"]
[Result "1-0"]
[WhiteElo "2322"]
[BlackElo "2257"]
[PlyCount "41"]
[EventDate "2011.10.13"]
[EventType "swiss"]
[EventRounds "9"]
[EventCountry "INA"]
[SourceTitle "EXT 2012"]
[Source "ChessBase"]
[SourceDate "2011.11.24"]
[SourceVersion "1"]
[SourceVersionDate "2011.11.24"]
[SourceQuality "1"]

1. e4 c5 2. Nf3 a6 3. c3 d6 4. d4 Nd7 5. a4 b6 6. Bd3 g6 7. h4 Ngf6 8. e5 Nh5 9. Ng5 Bb7 10. e6 fxe6 11. Nxh7 Rg8 12. Bxg6+ Rxg6 13. Qxh5 Be4 14. Rh3 cxd4 15. cxd4 Qc7 16. Nc3 Bf5 17. Rg3 Kf7 18. Rxg6 Bxg6 19. Ng5+ Kf6 20. Nce4+ Bxe4 21. Qf7# 1-0

[Event "World Cities"]
[Site "Jakarta "]
[Date "1997.??.??"]
[Round "9"]
[White "Firdaus, Maksum"]
[Black "Gunawan, Ruben"]
[Result "0-1"]
[WhiteElo "2380"]
[BlackElo "2460"]
[PlyCount "88"]
[EventDate "1997.07.08"]
[EventType "swiss"]
[EventRounds "10"]
[EventCountry "INA"]
[SourceTitle "CBM 058 Extra"]
[Source "ChessBase"]
[SourceDate "1997.07.29"]
[SourceVersion "1"]
[SourceVersionDate "1997.07.29"]
[SourceQuality "1"]

1. f4 d5 2. Nf3 Nf6 3. e3 e6 4. b3 Bd6 5. Bb2 0-0 6. Be2 c5 7. 0-0 Nbd7 8. Ne5 Qc7 9. d4 b6 10. Nd2 Bb7 11. Rc1 Rad8 12. Qe1 cxd4 13. exd4 Ne4 14. Nxe4 dxe4 15. Qg3 f6 16. Qg4 f5 17. Qg5 Nf6 18. c4 Qe7 19. Rc3 Ba3 20. Bxa3 Qxa3 21. Rg3 Qe7 22. Rd1 Rfe8 23. Bh5 Rf8 24. Rh3 Rxd4 25. Rf1 Rd2 26. Kh1 e3 27. Nf3 Rxa2 28. Rg3 Qc7 29. Qh4 Ne4 30. Ng5 Nxg3+ 31. hxg3 h6 32. Nxe6 Qc6 33. Bf3 Qxe6 34. Bxb7 Qf6 35. Qh5 Rf2 36. Bd5+ Kh7 37. Kg1 Rxf1+ 38. Kxf1 Qb2 39. Qe2 Qb1+ 40. Qe1 Qxb3 41. Ke2 Qc2+ 42. Kf3 Re8 43. Qe2 Qxe2+ 44. Kxe2 Kg6 0-1

[Event "World Cities"]
[Site "Jakarta "]
[Date "1997.??.??"]
[Round "7"]
[White "Firdaus, Maksum"]
[Black "Hitzgerova, Gabriela"]
[Result "1-0"]
[WhiteElo "2380"]
[BlackElo "2195"]
[PlyCount "63"]
[EventDate "1997.07.08"]
[EventType "swiss"]
[EventRounds "10"]
[EventCountry "INA"]
[SourceTitle "CBM 058 Extra"]
[Source "ChessBase"]
[SourceDate "1997.07.29"]
[SourceVersion "1"]
[SourceVersionDate "1997.07.29"]
[SourceQuality "1"]

1. e4 e6 2. d3 d5 3. Nd2 Nf6 4. Ngf3 c5 5. g3 Nc6 6. Bg2 Be7 7. 0-0 0-0 8. Re1 a6 9. e5 Nd7 10. Nf1 Qc7 11. Bf4 b5 12. h4 Bb7 13. N1h2 Nd4 14. Ng4 Kh8 15. Ng5 Nf5 16. c3 g6 17. d4 h6 18. Nf3 Kg7 19. Nf6 h5 20. Ng5 Rh8 21. Bh3 Nf8 22. Bxf5 exf5 23. Nxf7 Ne6 24. Nxh8 Kxh8 25. Nxh5 Rg8 26. Be3 g5 27. Nf6 Bxf6 28. Qh5+ Qh7 29. Qxh7+ Kxh7 30. exf6 gxh4 31. f7 Rg6 32. Bh6 1-0